LEADER 01534nam a2200337 u 4500 001 000000047834 003 CaOOAMICUS 005 20070226114929.0 008 000217s1998 it u000 u ita u 020 $a88-14-06989-1 035 $a10841823 040 $aMSA$bita 245 03$aLa giurisdizione della Chiesa sul matrimonio e sulla famiglia /$ca cura di Joan Carreras. 260 $aMilano :$bGiuffrè,$c1998. 300 $axii, 333 p. ;$c22 cm 490 1 $aMonografie giuridiche ;$v13 500 $aComprende indici. 500 $aIn testa al front.: Pontificio Ateneo della Santa Croce. 504 $aBibliografia in nota. 650 4$aMatrimonio (diritto canonico).$0(OLS)http://pul/subject/475 650 4$aFamiglia (diritto canonico).$0(OLS)http://pul/subject/17752 700 1 $aCarreras, Joan,$d1959-$0(OLS)http://pul/name/34742 830 0$aMonografie giuridiche (Centro Accademico Romano della Santa Croce) ;$v12.$0(OLS)http://pul/title/11260 850 $aPUL 852 $aPUL$W1$xSL Diritto Canonico 3$y77$m262. 99 CAN.5 1.13$j63854$nBK-PRI$b $qDDC 21$B63854$CPULBib$Z2$F63854 $H78198 $82 941 1 $a9 960 $aDiritto matrimoniale canonico$9475 983 0$aMonografie giuridiche (Pontificia Università della Santa Croce) 996 $6020$a88-14-06989-1$9(OLS)http://pul/number/59871 996 $6245$aLa giurisdizione della Chiesa sul matrimonio e sulla famiglia$9(OLS)http://pul/title/64388 996 $6260$aMilano :$bGiuffrè$9(OLS)http://pul/publisher/48401 LEADER 01317nam a2200325 a 4500 001 000000142824 003 CaOOAMICUS 005 20150416095122.0 008 150416s2015 it u000 u ita r 020 $a978-88-372-2147-8 040 $aPUL$bita 082 04$a103 100 1 $aQuinzio, Sergio,$d1927-1996.$0(OLS)http://pul/name/23520 245 13$aLa filosofia della Bibbia /$cSergio Quinzio. 250 $aNuova ed. con prefazione di Piero Stefani. 260 $aBrescia :$bMorcelliana,$c©2015. 300 $aXIV, 224 p. ;$c22 cm 490 1 $aFilosofia. Testi e Studi ;$v61 504 $aBibliografia nelle note. 630 04$aBiblia$xFilosofia.$0(OLS)http://pul/subject/29903 700 1 $aStefani, Piero,$d1949-$0(OLS)http://pul/name/25195 830 0$aFilosofia (Morcelliana)$pTesti e Studi ;$v61.$0(OLS)http://pul/title/148210 850 $aPUL 852 $aPUL$W1$xSL Filosofia 3$y81$m103 COLL 12.1.61$j164757$qDDC 21$B165032$CPULBib$Z2$F165032 $H125662 $82 941 1 $a9 996 $6020$a978-88-372-2147-8$9(OLS)http://pul/number/157380 996 $6082$a103$9(OLS)http://pul/classification/621 996 $6245$aLa filosofia della Bibbia$9(OLS)http://pul/title/180785 996 $6260$aBrescia :$bMorcelliana$9(OLS)http://pul/publisher/47854